000
00259nam a2200097Ia 4500
001
1195369
005
20250827021746.0
008
250824s9999 xx 000 0 und d
245
0
_a
HABERCİ ÇOCUK CİNAYETLERİ
_c
PERİHAN MAĞDEN
260
_b
EVEREST YAYINLARI
999
_c
1195369
_d
1195369